Statistiken für Länder der Welt nach offiziellen Namen

Klicken Sie hier um das Quiz zu spielen!

Allgemein

  • Dieses Quiz wurde 81 mal gespielt
    (56 seit der letzten Aktualisierung)
  • Das Durchschnittsergebnis liegt bei 64 aus 196

Antwortstatistiken

Gemeinsamer NameLanger Name% Korrekt
DeutschlandBundesrepublik Deutschland
88%
DänemarkKönigreich Dänemark
51%
ChinaVolksrepublik China
51%
Kongo (Kinshasa)Demokratische Republik Kongo
49%
LiechtensteinFürstentum Liechtenstein
49%
BelgienKönigreich Belgien
49%
Dominikanische RepublikDominikanische Republik
46%
MonacoFürstentum Monaco
46%
Kongo (Brazzaville)Republik Kongo
46%
Vereinigte StaatenVereinigte Staaten von Amerika
46%
AndorraFürstentum Andorra
44%
SchwedenKönigreich Schweden
44%
SpanienKönigreich Spanien
44%
AlbanienRepublik Albanien
44%
EcuadorRepublik Ecuador
44%
FinnlandRepublik Finnland
44%
ÖsterreichRepublik Österreich
44%
MarokkoKönigreich Marokko
41%
NorwegenKönigreich Norwegen
41%
ArmenienRepublik Armenien
41%
BulgarienRepublik Bulgarien
41%
El SalvadorRepublik El Salvador
41%
EstlandRepublik Estland
41%
LitauenRepublik Litauen
41%
SerbienRepublik Serbien
41%
Vereinigte Arabische EmirateVereinigte Arabische Emirate
41%
Zentralafrikanische RepublikZentralafrikanische Republik
41%
BosnienBosnien und Herzegowina
39%
IrlandIrland
39%
BahrainKönigreich Bahrain
39%
LesothoKönigreich Lesotho
39%
IslandRepublik Island
39%
LettlandRepublik Lettland
39%
PolenRepublik Polen
39%
San MarinoRepublik San Marino
39%
SlowenienRepublik Slowenien
39%
ZypernRepublik Zypern
39%
AntiguaAntigua und Barbuda
37%
AustralienAustralien
37%
BarbadosBarbados
37%
BelizeBelize
37%
JapanJapan
37%
KanadaKanada
37%
BhutanKönigreich Bhutan
37%
Saudi-ArabienKönigreich Saudi-Arabien
37%
SwasilandKönigreich Swasiland
37%
ThailandKönigreich Thailand
37%
TongaKönigreich Tonga
37%
MalaysiaMalaysia
37%
MongoleiMongolei
37%
AngolaRepublik Angola
37%
AserbaidschanRepublik Aserbaidschan
37%
TaiwanRepublik China
37%
GuatemalaRepublik Guatemala
37%
IndienRepublik Indien
37%
KroatienRepublik Kroatien
37%
MalawiRepublik Malawi
37%
MaltaRepublik Malta
37%
PanamaRepublik Panama
37%
PeruRepublik Peru
37%
RumänienRepublik Rumänien
37%
SüdsudanRepublik Südsudan
37%
TschadRepublik Tschad
37%
SalomonenSalomonen
37%
TschechienTschechische Republik
37%
Burkina FasoBurkina Faso
34%
FrankreichFranzösische Republik
34%
GrenadaGrenada
34%
JamaikaJamaika
34%
NiederlandeKönigreich der Niederlande
34%
KambodschaKönigreich Kambodscha
34%
MontenegroMontenegro
34%
NeuseelandNeuseeland
34%
BotswanaRepublik Botswana
34%
ChileRepublik Chile
34%
Costa RicaRepublik Costa Rica
34%
DschibutiRepublik Dschibuti
34%
GuineaRepublik Guinea
34%
Guinea-BissauRepublik Guinea-Bissau
34%
HaitiRepublik Haiti
34%
JemenRepublik Jemen
34%
KeniaRepublik Kenia
34%
KolumbienRepublik Kolumbien
34%
SüdkoreaRepublik Korea
34%
KosovoRepublik Kosovo
34%
LiberiaRepublik Liberia
34%
NigerRepublik Niger
34%
SambiaRepublik Sambia
34%
SüdarikaRepublik Südafrika
34%
SudanRepublik Sudan
34%
TogoRepublik Togo
34%
St. LuciaSt. Lucia
34%
Vereinigtes KönigreichVereinigtes Königreich Großbritannien und Nordirland
34%
GeorgienGeorgien
32%
LibyenLibyen
32%
FidschiRepublik Fidschi
32%
GambiaRepublik Gambia
32%
GhanaRepublik Ghana
32%
HondurasRepublik Honduras
32%
IrakRepublik Irak
32%
KamerunRepublik Kamerun
32%
KasachstanRepublik Kasachstan
32%
KubaRepublik Kuba
32%
MaliRepublik Mali
32%
ParaguayRepublik Paraguay
32%
RuandaRepublik Ruanda
32%
SenegalRepublik Senegal
32%
SeychellenRepublik Seychellen
32%
SimbabweRepublik Simbabwe
32%
TadschikistanRepublik Tadschikistan
32%
UsbekistanRepublik Usbekistan
32%
RusslandRussische Föderation
32%
SlowakeiSlowakische Republik
32%
IsraelStaat Israel
32%
St. VincentSt. Vincent und die Grenadinen
32%
OmanSultanat Oman
32%
TurkmenistanTurkmenistan
32%
TuvaluTuvalu
32%
ÄgyptenArabische Republik Ägypten
29%
NordkoreaDemokratische Volksrepublik Korea
29%
LuxemburgGroßherzogtum Luxemburg
29%
AfghanistanIslamische Republik Afghanistan
29%
IranIslamische Republik Iran
29%
PakistanIslamische Republik Pakistan
29%
ItalienItalienische Republik
29%
KirgisistanKirgisische Republik
29%
ÄquatorialguineaRepublik Äquatorialguinea
29%
WeißrusslandRepublik Belarus
29%
BeninRepublik Benin
29%
BurundiRepublik Burundi
29%
IndonesienRepublik Indonesien
29%
KiribatiRepublik Kiribati
29%
MadagaskarRepublik Madagaskar
29%
MarshallinselnRepublik Marshallinseln
29%
MauritiusRepublik Mauritius
29%
MazedonienRepublik Mazedonien
29%
MoldawienRepublik Moldau
29%
MosambikRepublik Mosambik
29%
NamibiaRepublik Namibia
29%
NauruRepublik Nauru
29%
NicaraguaRepublik Nicaragua
29%
PalauRepublik Palau
29%
SamoaRepublik Samoa
29%
Sierra LeoneRepublik Sierra Leone
29%
SingapurRepublik Singapur
29%
SurinameRepublik Suriname
29%
Trinidad und TobagoRepublik Trinidad und Tobago
29%
TürkeiRepublik Türkei
29%
UgandaRepublik Uganda
29%
UkraineRepublik Ukraine
29%
VanuatuRepublik Vanuatu
29%
UngarnUngarn
29%
LibanonLibanesische Republik
27%
Kap VerdeRepublik Cabo Verde
27%
ElfenbeinküsteRepublik Côte d’Ivoire
27%
MaledivenRepublik Malediven
27%
VietnamSozialistische Republik Vietnam
27%
VatikanstadtStaat Vatikanstadt
27%
TunesienTunesische Republik
27%
BangladeschVolksrepublik Bangladesch
27%
ArgentinienArgentinische Republik
24%
VenezuelaBolivarische Republik Venezuela
24%
BruneiBrunei Darussalam
24%
NigeriaBundesrepublik Nigeria
24%
BahamasCommonwealth der Bahamas
24%
DominicaCommonwealth Dominica
24%
LaosDemokratische Volksrepublik Laos
24%
GabunGabunische Republik
24%
MauretanienIslamische Republik Mauretanien
24%
PortugalPortugiesische Republik
24%
PhilippinenRepublik der Philippinen
24%
SchweizSchweizerische Eidgenossenschaft
24%
EritreaStaat Eritrea
24%
KatarStaat Katar
24%
KuwaitStaat Kuwait
24%
SyrienSyrische Arabische Republik
24%
MexikoVereinigte Mexikanische Staaten
24%
SomaliaBundesrepublik Somalia
22%
Sri LankaDemokratische Sozialistische Republik Sri Lanka
22%
AlgerienDemokratische Volksrepublik Algerien
22%
JordanienHaschemitisches Königreich Jordanien
22%
GriechenlandHellenische Republik
22%
GuyanaKooperative Republik Guyana
22%
BolivienPlurinationaler Staat Bolivien
22%
UruguayRepublik Östlich des Uruguay
22%
TansaniaVereinigte Republik Tansania
22%
ÄthiopienDemokratische Bundesrepublik Äthiopien
20%
NepalDemokratische Bundesrepublik Nepal
20%
São ToméDemokratische Republik São Tomé und Príncipe
20%
BrasilienFöderative Republik Brasilien
20%
OsttimorDemokratische Republik Timor-Leste
17%
MikronesienDie Föderierten Staaten von Mikronesien
17%
MyanmarRepublik der Union Myanmar
17%
Papua-NeuguineaUnabhängiger Staat Papua-Neuguinea
17%
KomorenUnion der Komoren
17%
St. KittsFöderation St. Kitts und Nevis
15%

Verteilung der Resultate

Perzentil nach korrekt beantworteten Fragen

Anzahl Personen mit jedem Resultat

Ihre Resultats-Entwicklung

Sie haben dieses Quiz seit der letzten Aktualisierung nicht gespielt